Art lessons : learning from the rise and fall of public arts funding = Arte lecciones: aprender de la ascensión y caída de las artes de financiación pública /
Guardado en:
| Autor principal: | |
|---|---|
| Formato: | Desconocido |
| Lenguaje: | English |
| Publicado: |
New York :
BasicBooks,
c1995.
|
| Materias: | |
| Etiquetas: |
Agregar Etiqueta
Sin Etiquetas, Sea el primero en etiquetar este registro!
|
MARC
| LEADER | 000000000a22000000004500 | ||
|---|---|---|---|
| 001 | 014949 | ||
| 020 | |a 0465004377 | ||
| 041 | 0 | |a eng | |
| 082 | 0 | 4 | |a 791.069.1 |b S289a |
| 100 | 1 | |a Marquis, Alice Goldfarb | |
| 245 | 1 | 0 | |a Art lessons : |b learning from the rise and fall of public arts funding = Arte lecciones: aprender de la ascensión y caída de las artes de financiación pública / |c Alice Goldfarb Marquis. |
| 246 | 3 | 1 | |a Arte lecciones: aprender de la ascensión y caída de las artes de financiación pública |
| 260 | 1 | |a New York : |b BasicBooks, |c c1995. | |
| 300 | |a x, 304 páginas ; |c 24 cm. | ||
| 650 | 4 | |a ARTES DEL ESPECTACULO | |
| 650 | 4 | |a ESTADOS UNIDOS | |
| 650 | 4 | |a FINANZAS | |
| 650 | 4 | |a ARTES ESCENICAS | |
| 650 | 4 | |a CENTRO PARA LAS ARTES ESCENICAS | |
| 650 | 4 | |a ARTES DEL ESPECTACULO | |
| 650 | 4 | |a HISTORIA | |
| 650 | 4 | |a SIGLO XX | |
| 500 | |a Colección George Yúdice | ||
| 999 | |c 20813 |d 20813 | ||
| 942 | |c BK |h 791.069.1 S289a |2 z | ||



